Sports Quiz

Random Sports Quiz

Name These Collegiate Mascots Quiz Stats

Quiz not verified by Sporcle

Challenge
Share
Tweet
Embed
Score 0/30 Timer 07:00
0 Plays Today
School % Correct
University of GeorgiaHairy Dawg
60.4%
Michigan State UniversitySparty
45.8%
University of South CarolinaCocky
43.8%
Ohio State UniversityBrutus
43.8%
University of TexasBevo
43.8%
University of TennesseeSmokey
27.1%
Auburn UniversityAubie
25%
University of MiamiSebastian
20.8%
Georgia Institute of TechnologyBuzz
20.8%
University of ColoradoRalphie
18.8%
University of North CarolinaRamses
18.8%
Florida State UniversityChief Osceola
16.7%
Purdue UniversityPurdue Pete
14.6%
Youngstown State UniversityPete
12.5%
Toledo UniversityRocky
12.5%
School % Correct
University of NebraskaHerbie Husker
10.4%
Arizona State UniversitySparky
10.4%
University of ArkansasBig Red
10.4%
University of MarylandTestudo
8.3%
Brigham Young UniversityCosmo
6.3%
University of Central FloridaKnightro
4.2%
Oklahoma State UniversityPistol Pete
4.2%
Baylor UniversityJudge
2.1%
Oregon State UniversityBenny
2.1%
Boise State UniversityBuster Bronco
2.1%
DePaul UniversityDIBS
2.1%
Marshall UniversityMarco
2.1%
North Carolina State UniversityMr. Wuf
2.1%
San Diego State UniversityMontezuma
2.1%
Tulane UniversityRiptide
2.1%

You're not logged in!

Compare scores with friends on all Sporcle quizzes.
Join for Free
OR
Log In

You Might Also Like...

Show Comments

Extras

Top Quizzes Today


Score Distribution

Your Account Isn't Verified!

In order to create a playlist on Sporcle, you need to verify the email address you used during registration. Go to your Sporcle Settings to finish the process.

Report this User

Report this user for behavior that violates our Community Guidelines.

Details: